AFGHANISTAN CRISIS IMPLICATIONS AND OPTIONS FOR MUSLIM WORLD, IRAN AND PAKISTAN (Record no. 579933)

000 -LEADER
fixed length control field 00318nam a22001097a 4500
082 ## - DEWEY DECIMAL CLASSIFICATION NUMBER
Classification number 958.1 TAH'A
100 ## - MAIN ENTRY--PERSONAL NAME
Personal name TAHIR, AMIN
9 (RLIN) 74401
245 ## - TITLE STATEMENT
Title AFGHANISTAN CRISIS IMPLICATIONS AND OPTIONS FOR MUSLIM WORLD, IRAN AND PAKISTAN
260 ## - PUBLICATION, DISTRIBUTION, ETC.
Place of publication, distribution, etc. ISLAMAMBAD
Name of publisher, distributor, etc. INSTITUTE OF POLICY STUDIES
Date of publication, distribution, etc. 1982
300 ## - PHYSICAL DESCRIPTION
Extent 144P
942 ## - ADDED ENTRY ELEMENTS (KOHA)
Koha item type Book
Holdings
Withdrawn status Lost status Damaged status Not for loan Permanent Location Current Location Shelving location Date acquired Total Checkouts Full call number Barcode Date last seen Price effective from Koha item type
        College of Electrical & Mechanical Engineering (CEME) College of Electrical & Mechanical Engineering (CEME) General Stacks 05/05/2017   958.1 TAH'A CEME-15773/M 06/28/2021 06/28/2021 Book
© 2023 Central Library, National University of Sciences and Technology. All Rights Reserved.